000 00609nam a22001817a 4500
005 20251121145829.0
008 251121b |||||||| |||| 00| 0 eng d
020 _a978-0-5387-3328-1
100 _aENGEL, RANDALL G.
245 _aINTRODUCTION TO ORGANIC LABORATORY TECHNIQUES
_bA SMALL-SCALE APPROACH
250 _a3RD ED.
260 _bCENGAGE LEARNING
_c2011
300 _aXVIII, 1006P.
500 _aINCLUDES INDEX
650 _a1. CHEMISTRY, ORGANIC -LABORATORY MANUALS 2. ORGANIC CHEMISTRY -EXPERIMENTS 3. LABORATORY TECHNIQUES -ORGANIC CHEMISTRY
700 _aKRIZ, GEORGE S.
942 _2lcc
_cBK
999 _c216258
_d216258